000 00340nam a2200145 i 4500
001 bg
100 1 _aKOMSTA, H.
245 0 _aMaszyny przemysłu spożywczego /
_cH. Komsta, H. Popko.
260 _aLublin,
_c1986.
700 1 _aPOPKO, Henryk
040 _cBPK
041 _apol
942 _cKS
008 s pl f |000 0 pol
999 _c3618
_d3618
856 _uhttp://koha.tu.koszalin.pl/cgi-bin/koha/opac-detail.pl?biblionumber=3618
_yKatalog online BPK